| 000 | 01031 a2200253 4500 | ||
|---|---|---|---|
| 003 | NUST | ||
| 005 | 20221111100153.0 | ||
| 010 | _a 2001270847 | ||
| 020 | _a0521004233 (paperback) | ||
| 020 | _a052180292X (hardback) | ||
| 035 | _a(OCoLC)ocm46448263 | ||
| 040 | _cNust | ||
| 082 | 0 | 0 | _a512.7,SWI |
| 100 | 1 |
_aSwinnerton-Dyer, H. P. F. _9102544 |
|
| 245 | 1 | 2 |
_aA brief guide to algebraic number theory / _cH.P.F. Swinnerton-Dyer. |
| 260 |
_aCambridge ; _aNew York : _bCambridge University Press, _c2001. |
||
| 300 |
_aix, 146 p. : _c23 cm. |
||
| 440 | 0 |
_aLondon Mathematical Society student texts ; _v50 _9102545 |
|
| 505 | _aNumber and Ideals(Page-1), Valuations(Page-31), Special Fields(Page-55), Analytics Methods (Page-79), Class Field Theory (Page-98). | ||
| 650 | 0 |
_aAlgebraic number theory. _9102546 |
|
| 856 | 4 | 2 |
_3Publisher description _uhttp://www.loc.gov/catdir/description/cam022/2001270847.html |
| 856 | 4 | 2 |
_3Table of contents _uhttp://www.loc.gov/catdir/toc/cam027/2001270847.html |
| 942 |
_2ddc _cBK _k512.7,SWI |
||
| 999 |
_c182235 _d182235 |
||